Engineering mechanics dynamics (Record no. 612340)
[ view plain ]
| 000 -LEADER | |
|---|---|
| fixed length control field | 00329nam a22001217a 4500 |
| 040 ## - CATALOGING SOURCE | |
| Transcribing agency | Nust |
| 082 ## - DEWEY DECIMAL CLASSIFICATION NUMBER | |
| Classification number | 620.1 |
| Author Mark | MER'E |
| 100 ## - MAIN ENTRY--PERSONAL NAME | |
| Personal name | J.L Meriam |
| 9 (RLIN) | 13429 |
| 245 ## - TITLE STATEMENT | |
| Title | Engineering mechanics dynamics |
| 260 ## - PUBLICATION, DISTRIBUTION, ETC. | |
| Place of publication, distribution, etc. | New York: |
| Name of publisher, distributor, etc. | John Willey and sons Inc, |
| Date of publication, distribution, etc. | 1993. |
| 650 ## - SUBJECT ADDED ENTRY--TOPICAL TERM | |
| Topical term or geographic name entry element | Engineering mechanics dynamics |
| 9 (RLIN) | 3079 |
| 942 ## - ADDED ENTRY ELEMENTS (KOHA) | |
| Source of classification or shelving scheme | |
| Koha item type | Book |
| Withdrawn status | Lost status | Source of classification or shelving scheme | Damaged status | Not for loan | Permanent Location | Current Location | Shelving location | Date acquired | Total Checkouts | Full call number | Barcode | Date last seen | Price effective from | Koha item type |
|---|---|---|---|---|---|---|---|---|---|---|---|---|---|---|
| College of Electrical & Mechanical Engineering (CEME) | College of Electrical & Mechanical Engineering (CEME) | General Stacks | 11/27/2024 | 620.1 MER'E | CEME- 30000 | 11/27/2024 | 11/27/2024 | Book | ||||||
| College of Electrical & Mechanical Engineering (CEME) | College of Electrical & Mechanical Engineering (CEME) | General Stacks | 11/27/2024 | 620.1 MER'E | CEME- 30001 | 11/27/2024 | 11/27/2024 | Book | ||||||
| College of Electrical & Mechanical Engineering (CEME) | College of Electrical & Mechanical Engineering (CEME) | General Stacks | 11/27/2024 | 620.1 MER'E | CEME- 30002 | 11/27/2024 | 11/27/2024 | Book | ||||||
| College of Electrical & Mechanical Engineering (CEME) | College of Electrical & Mechanical Engineering (CEME) | General Stacks | 11/27/2024 | 620.1 MER'E | CEME- 30003 | 11/27/2024 | 11/27/2024 | Book | ||||||
| College of Electrical & Mechanical Engineering (CEME) | College of Electrical & Mechanical Engineering (CEME) | General Stacks | 11/27/2024 | 620.1 MER'E | CEME- 30004 | 11/27/2024 | 11/27/2024 | Book | ||||||
| College of Electrical & Mechanical Engineering (CEME) | College of Electrical & Mechanical Engineering (CEME) | General Stacks | 11/27/2024 | 620.1 MER'E | CEME- 30005 | 11/27/2024 | 11/27/2024 | Book | ||||||
| College of Electrical & Mechanical Engineering (CEME) | College of Electrical & Mechanical Engineering (CEME) | General Stacks | 11/27/2024 | 620.1 MER'E | CEME- 30006 | 11/27/2024 | 11/27/2024 | Book | ||||||
| College of Electrical & Mechanical Engineering (CEME) | College of Electrical & Mechanical Engineering (CEME) | General Stacks | 11/27/2024 | 620.1 MER'E | CEME- 30007 | 11/27/2024 | 11/27/2024 | Book | ||||||
| College of Electrical & Mechanical Engineering (CEME) | College of Electrical & Mechanical Engineering (CEME) | General Stacks | 11/27/2024 | 620.1 MER'E | CEME- 30008 | 11/27/2024 | 11/27/2024 | Book | ||||||
| College of Electrical & Mechanical Engineering (CEME) | College of Electrical & Mechanical Engineering (CEME) | General Stacks | 11/27/2024 | 620.1 MER'E | CEME- 30009 | 11/27/2024 | 11/27/2024 | Book |
